UITU Library & LRC     

Automation of Fabric Inspection Machine Using Digital Image Processing (Record no. 33182)

MARC details
000 -LEADER
fixed length control field 00535nam a2200133Ia 4500
008 - FIXED-LENGTH DATA ELEMENTS--GENERAL INFORMATION
fixed length control field 260210s9999 xx 000 0 und d
024 ## - OTHER STANDARD IDENTIFIER
Standard number or code 12B-87-EL, 12B-102-EL, 12B-105-EL & 12B-109-EL
082 ## - DEWEY DECIMAL CLASSIFICATION NUMBER
Classification number 621.367072 SYE
100 ## - MAIN ENTRY--PERSONAL NAME
Personal name Syed Muhammad Saad Hussain, Muhammad Hassaan Sani, Syeda Wajeeha Tanveer & Muhammad Farhan Khan
245 #0 - TITLE STATEMENT
Title Automation of Fabric Inspection Machine Using Digital Image Processing
260 ## - PUBLICATION, DISTRIBUTION, ETC.
Place of publication, distribution, etc. Karachi:
Name of publisher, distributor, etc. UITU,
Date of publication, distribution, etc. 2012
600 ## - SUBJECT ADDED ENTRY--PERSONAL NAME
Personal name Electrical Engineering
650 ## - SUBJECT ADDED ENTRY--TOPICAL TERM
Topical term or geographic name entry element Bachelor of Engineering (BE)

No items available.

Powered by Koha